| 000 | 01334nam0a22003011 4500 | ||
|---|---|---|---|
| 001 | rc\4403911 | ||
| 005 | 20260406074709.0 | ||
| 021 |
_aRU _bРг10576-67 |
||
| 035 | _a(NLR Aleph) 008299424 | ||
| 090 |
_a8626505 _c8626505 |
||
| 100 | _a20130416d1967 |||y0rusy50 ca | ||
| 101 | 0 | _arus | |
| 102 | _aRU | ||
| 105 | _aa z ||||| | ||
| 200 | 1 |
_aДети в книге _f[Альбом репродукций Д. Дубинского, В. Цигаля, Ю. Коровина, Ф. Паулюка _gВступ. статья Т. Правдивцевой |
|
| 210 |
_aМосква] _cСов. художник _d[1967] |
||
| 215 |
_a[24] с. _cил. _d17 |
||
| 701 | 1 |
_4040 _aКоровин _bЮ.Д. _f1914-1991 _gЮвеналий Дмитриевич _3RU\NLR\AUTH\77125538 _9108463 |
|
| 701 | 1 |
_aПаулюка _bФ. _f1925-2014 _gФелицита _4040 |
|
| 701 | 1 |
_4040 _7ca _8rus _aЦигаль _bВ. Е. _cживописец, иллюстратор _f1916-2005 _gВиктор Ефимович _9161352 _3RU\NLR\AUTH\770161396 |
|
| 701 | 1 |
_4040 _aДубинский _bД. А. _f1920-1960 _gДавид Александрович _3RU\NLR\AUTH\770151536 _9151498 |
|
| 702 | 1 |
_aПравдивцева _bТ. _4080 |
|
| 801 | 0 |
_aRU _bNLR _gpsbo |
|
| 801 | 1 |
_aRU _bELAR _2rusmarc |
|
| 852 |
_aNLR _jЭ АлИс570/1-21 |
||
| 942 | _cBOOK | ||
| 980 | _aNB | ||